000
00295nam a22001097a 4500
082
_a
669 QUA'L
100
_a
LINDSAY, R. W
_9
58381
245
_a
QUALITY REQUIREMENTS OF SUPER DUTY STEEL METALLURGICAL SOCIETY CONFERENCE
250
_a
VOL-3
260
_a
NEWYORK
_b
INTERSCIENCE
_c
1959
942
_c
BK
999
_c
568579
_d
568579